000 00988cam a22002531i 4500
003 SA-RiAUC
005 20250718153215.0
008 250716s1992 su f 000 0 ara c
040 _aSA-MdTU
_bara
_cSA-RiAUC
_erda
050 4 _bA37 1992
082 0 4 _a253.1
_qSA-RiAUC
090 _a253.1
_b ش ن ق
100 1 _aالشنقيطي، محمد مصطفى
_eمؤلف.
245 1 0 _aدراسة شرعية لأهم العقود المالية المستحدثة /
_cمحمد مصطفى الشنقيطي.
264 1 _aالمدينة المنورة :
_bمكتبة العلوم والحكم،
_c1992
300 _a879 صفحة ؛
_c24 سم
336 _aنص
_btxt
_2rdacontent
_3كتاب
337 _aبدون وسيط
_bn
_2rdamedia
338 _aمجلد
_bnc
_2rdacarrier
650 7 _aالعقود (فقه إسلامي)
_2aucsh
650 7 _aالمعاملات (فقه إسلامي)
_2aucsh
942 _2ddc
_cBOOK
_n0
949 _aSA-JeALM
_d250716
_umohamedma123
_n1
999 _c10075
_d10075